<?xml version="1.0" encoding="UTF-8"?><?xml-stylesheet type="text/xsl" href="static/style.xsl"?><OAI-PMH xmlns="http://www.openarchives.org/OAI/2.0/" xmlns:xsi="http://www.w3.org/2001/XMLSchema-instance" xsi:schemaLocation="http://www.openarchives.org/OAI/2.0/ http://www.openarchives.org/OAI/2.0/OAI-PMH.xsd"><responseDate>2026-06-02T23:06:30Z</responseDate><request verb="GetRecord" identifier="oai:riuma.uma.es:10630/28581" metadataPrefix="marc">https://riuma.uma.es/rest/oai/request</request><GetRecord><record><header><identifier>oai:riuma.uma.es:10630/28581</identifier><datestamp>2026-02-03T11:03:20Z</datestamp><setSpec>com_10630_2254</setSpec><setSpec>col_10630_37953</setSpec></header><metadata><record xmlns="http://www.loc.gov/MARC21/slim" xmlns:dcterms="http://purl.org/dc/terms/" xmlns:doc="http://www.lyncode.com/xoai" xmlns:xsi="http://www.w3.org/2001/XMLSchema-instance" xsi:schemaLocation="http://www.loc.gov/MARC21/slim http://www.loc.gov/standards/marcxml/schema/MARC21slim.xsd">
   <leader>00925njm 22002777a 4500</leader>
   <datafield ind2=" " ind1=" " tag="042">
      <subfield code="a">dc</subfield>
   </datafield>
   <datafield ind2=" " ind1=" " tag="720">
      <subfield code="a">Mora Suárez-Varela, Vicente Luis</subfield>
      <subfield code="e">author</subfield>
   </datafield>
   <datafield ind2=" " ind1=" " tag="260">
      <subfield code="c">2022</subfield>
   </datafield>
   <datafield ind2=" " ind1=" " tag="520">
      <subfield code="a">Una de las críticas más sostenidas a los procesos digitales es la alta inestabilidad de algunos de sus repositorios, que pueden producir el olvido digital y la consiguiente pérdida de la “memoria del recuerdo” (Manfred Osten, 2008), con profundos daños para el archivo cultural (Groys, 2005). A ello se suman la perentoriedad y posible desaparición de los perfiles, tanto reales, como imaginarios o sostenidos por avatares (Escandell, 2014), como bots literarios, cuya pérdida hace ilegibles algunos proyectos literarios en red, por eclipsarse con ellos no sólo el texto, sino también la programación de la que en algunos supuestos trae causa (Morales Sánchez, 2018). Frente a este problema, relacionado con los de ecdótica tradicional, se propone el investigador literario debe generar sus propias réplicas del archivo cultural, lo que produce un problema añadido: la imposibilidad, en ciertos casos, de confrontar los originales con los archivos salvados.</subfield>
   </datafield>
   <datafield ind1="8" ind2=" " tag="024">
      <subfield code="a">Mora, Vicente Luis (2022). La erosión digital como problema para la lectura crítica de literatura contemporánea. Álabe 26. ISSN: 2171-9624.</subfield>
   </datafield>
   <datafield ind1="8" ind2=" " tag="024">
      <subfield code="a">https://hdl.handle.net/10630/28581</subfield>
   </datafield>
   <datafield ind1="8" ind2=" " tag="024">
      <subfield code="a">https://doi.org/10.25115/alabe26.7794</subfield>
   </datafield>
   <datafield tag="653" ind2=" " ind1=" ">
      <subfield code="a">Documentos - Gestión</subfield>
   </datafield>
   <datafield tag="653" ind2=" " ind1=" ">
      <subfield code="a">Documentos - Conservación</subfield>
   </datafield>
   <datafield ind2="0" ind1="0" tag="245">
      <subfield code="a">La erosión digital como problema para la lectura crítica de literatura contemporánea</subfield>
   </datafield>
</record>
</metadata></record></GetRecord></OAI-PMH>